000 00906nam a2200205Ia 4500
003 IN-BaIIA
008 211028s9999 xx s 000 0 eng d
020 _a978-1-108-48247-9 (Print)
022 _a1743-9213 (Print)
022 _a1743-9221 (Online)
040 _cIIA Library
100 _aSalama, F., ed.
_940756
245 0 _aLaboratory Astrophysics: From Observations to Interpretation
_h[eBook]
260 _aCambridge
_bCambridge University Press
_c2020
300 _aOnline resource
490 _aIAU Symposium; no. 350
700 _a Linnartz, H., ed.
_940757
856 _uhttps://www.cambridge.org/core/journals/proceedings-of-the-international-astronomical-union/issue/laboratory-astrophysics-from-observations-to-interpretation/7AA4A73FABCBFF4BD0D9E2CFD327926C
_yClick Here to Access eBook
942 _cEB
999 _c22057
_d22057